| 000 | 00501nam a22001937a 4500 | ||
|---|---|---|---|
| 005 | 20260529152654.0 | ||
| 008 | 260529b |||||||| |||| 00| 0 eng d | ||
| 020 |
_a9789352533671 _c1155.00 |
||
| 040 | _aMAIN | ||
| 041 | _aEnglish | ||
| 082 |
_a580.76 _bPRA |
||
| 100 |
_aPrasann Kumar _926428 |
||
| 245 |
_aObjective Life Science _b: (Plant Science) |
||
| 260 |
_aNoida _bS. Chand. _c2024 |
||
| 300 | _a578 | ||
| 650 | _aCompetitive Books | ||
| 700 |
_aDwivedi, Padmanabh _926936 |
||
| 942 | _cBK | ||
| 999 |
_c60916 _d60916 |
||